Technology diffusion models for strategic management purposes : (Record no. 15344)

MARC details
000 -LEADER
fixed length control field 00665cam a22001932 4500
001 - CONTROL NUMBER
control field 0000005028
005 - DATE AND TIME OF LATEST TRANSACTION
control field 20151217161556.0
008 - FIXED-LENGTH DATA ELEMENTS--GENERAL INFORMATION
fixed length control field 070605s xx 000 0 eng d
040 ## - CATALOGING SOURCE
Original cataloging agency KABU
Transcribing agency KABU
050 #0 - LIBRARY OF CONGRESS CALL NUMBER
Classification number T173.8
Item number .M88
100 1# - MAIN ENTRY--PERSONAL NAME
Personal name Mutanu, Leah.
-- 0000156084
245 10 - TITLE STATEMENT
Title Technology diffusion models for strategic management purposes :
Remainder of title a case of integrated systems in Kenya.
300 ## - PHYSICAL DESCRIPTION
Extent 82 leaves.
500 ## - GENERAL NOTE
General note Thesis (Msc in Information Systems) - University of Nairobi, 2004.
650 #0 - SUBJECT ADDED ENTRY--TOPICAL TERM
Topical term or geographic name as entry element Technological innovations.
-- 0000033363
908 ## - PUT COMMAND PARAMETER (RLIN)
Put command parameter 070605
950 ## - LOCAL HOLDINGS (RLIN)
-- 1
Holdings
Withdrawn status Lost status Source of classification or shelving scheme Not for loan Home library Current library Date acquired Total Checkouts Full call number Barcode Date last seen Price effective from Koha item type
    Library of Congress Classification   Kabarak, Main Campus Kabarak, Main Campus 17/12/2015   T173.8 .M88 004326 17/12/2015 17/12/2015 Thesis, Dissertation and Projecs
Designed with assistance from East African Informatics Ltd